000 00771cam a22002651 4500
001 23897
003 BD-RjUL
005 20211209001002.0
008 140312s1955 enka 001 0beng
035 _a(BD-RjUL)23962
035 _a(OCoLC)1705291
040 _aDLC
_cOClU
_dOCoLC
_dUk
_dDLC
_dBD-RjUL
_beng
041 _aeng
082 0 0 _220
_a916
_bSIL 1955
100 1 _aSimmons, Jack,
_d1915-
_972647
245 1 0 _aLivingstone and Africa /
_c By Jack Simmons.
260 _aLondon :
_bEnglish Universities Press,
_c1955.
300 _av, 179 p. :
_billus. ;
_c18cm.
490 0 _aTeach yourself history library
504 _aIncludes index.
600 1 0 _aLivingstone, David,
_d1813-1873
_973226
942 _2ddc
_cBK
999 _c23897
_d23897